Catalog

Record Details

Catalog Search



A reason for the hope  Cover Image Book Book

A reason for the hope / Thomas A. Thomas

Thomas, Thomas A. (Author).

Record details

  • Physical Description: 156 p.
  • Publisher: Rochester, New York Backus Book Publishers 1988

Available copies

  • 1 of 1 copy available at Common Catalog SPOK.

Holds

  • 0 current holds with 1 total copy.
Show All Copies
Location Call Number / Copy Notes Barcode Shelving Location Status Due Date
ETS Library 230.044 424470009648 Volný výběr Available -

LDR 00651nam a2 00229
00142325
003CZ-PrJAB
00520030324000000.0
008030324s1988 xxu e |||| |eng
009us
035 . ‡a(CONS)7783
035 . ‡aKPS1328
041 . ‡aeng
08214. ‡a230.044
100 . ‡73452 ‡aThomas, Thomas A.
245 . ‡aA reason for the hope / ‡cThomas A. Thomas
260 . ‡aRochester, New York ‡bBackus Book Publishers ‡c1988
300 . ‡a156 p.
653 . ‡aA reason for the hope
8524 . ‡bETS ‡bETS ‡cVolný výběr ‡j230.044 ‡gA ‡p424470009648
8524 . ‡bETS ‡bETS ‡cVolný výběr ‡j230.044 ‡gA ‡p424470001780
910 . ‡aABG450
999 . ‡a7783 ‡bAUTOGEN ‡c7783 ‡tbiblio
905 . ‡uadmin
901 . ‡a42325 ‡b ‡c42325 ‡tbiblio ‡sets

Additional Resources